[Event "GER-chT U20"]
[Site "Muenster"]
[Date "2022.12.30"]
[Round "7"]
[White "Kieselbach, Jannik"]
[Black "Beyer, Clemens"]
[Result "1/2-1/2"]
[WhiteElo "1854"]
[BlackElo "1768"]
[PlyCount "57"]
[EventDate "2022.12.26"]
[EventType "team-swiss"]
[EventRounds "7"]
[EventCountry "GER"]
[SourceTitle "CBM 212 Extra"]
[Source "ChessBase"]
[SourceDate "2023.03.31"]
[SourceVersion "1"]
[SourceVersionDate "2023.03.31"]
[SourceQuality "1"]
[WhiteTeam "Lehrte"]
[BlackTeam "Barnim Schachfreunde"]
[WhiteTeamCountry "GER"]
[BlackTeamCountry "GER"]

1. e4 c6 2. c4 d5 3. exd5 cxd5 4. cxd5 Nf6 5. Qa4+ Bd7 6. Qb3 Qc7 7. Nc3 a6 8. Be2 g6 9. Nf3 Bg7 10. 0-0 0-0 11. d4 Bg4 12. h3 Bf5 13. Be3 Bc8 14. Rac1 Qd8 15. Bf4 Ne8 16. Bxb8 Rxb8 17. Bxa6 Bxh3 18. gxh3 bxa6 19. Qa3 Qd7 20. Kg2 Nf6 21. Ne5 Qf5 22. Nc6 Nxd5 23. Nxd5 Qxd5+ 24. Kh2 Bf6 25. Nxb8 Rxb8 26. Qc5 Qe4 27. b3 Bxd4 28. Qc6 Qf4+ 29. Kh1 1/2-1/2

[Event "GER-chT U20"]
[Site "Muenster"]
[Date "2022.12.27"]
[Round "2"]
[White "Beyer, Clemens"]
[Black "Roehm, Adrian"]
[Result "1-0"]
[WhiteElo "1768"]
[BlackElo "1474"]
[PlyCount "131"]
[EventDate "2022.12.26"]
[EventType "team-swiss"]
[EventRounds "7"]
[EventCountry "GER"]
[SourceTitle "CBM 212 Extra"]
[Source "ChessBase"]
[SourceDate "2023.03.31"]
[SourceVersion "1"]
[SourceVersionDate "2023.03.31"]
[SourceQuality "1"]
[WhiteTeam "Barnim Schachfreunde"]
[BlackTeam "Biebertal"]
[WhiteTeamCountry "GER"]
[BlackTeamCountry "GER"]

1. d4 d5 2. Bf4 Bf5 3. Nf3 Nf6 4. e3 e6 5. Bd3 Ne4 6. 0-0 Bd6 7. Qe2 0-0 8. Ne5 f6 9. Nf3 Qe7 10. Nh4 Bg6 11. Bxd6 Qxd6 12. f3 Ng5 13. Nxg6 hxg6 14. Bxg6 f5 15. f4 Nf7 16. Nd2 Nh6 17. Nf3 Rf6 18. Ne5 Nd7 19. Bh5 Nf8 20. h3 g6 21. Bf3 Nh7 22. h4 Kf8 23. c4 c6 24. c5 Qc7 25. b4 a6 26. a4 Ke7 27. b5 Nf8 28. bxc6 bxc6 29. Rfb1 Nd7 30. Nxd7 Kxd7 31. Rb6 Rff8 32. a5 Ng8 33. Rab1 Rfb8 34. Qf2 Ne7 35. Qb2 Rxb6 36. axb6 Qb7 37. Ra1 Kc8 38. Be2 a5 39. Qc3 Ng8 40. Rxa5 Rxa5 41. Qxa5 Kb8 42. Ba6 Qd7 43. Bd3 Nf6 44. Bc2 Ng4 45. Qa3 Qb7 46. g3 Qa8 47. Qxa8+ Kxa8 48. e4 fxe4 49. Ba4 Kb7 50. Kg2 Ne3+ 51. Kh3 Nf5 52. g4 Nxd4 53. g5 Nf5 54. h5 gxh5 55. Bd1 Ng7 56. g6 d4 57. Kg2 Nf5 58. Bxh5 d3 59. Kf2 e3+ 60. Kf3 d2 61. Ke2 Ng3+ 62. Kxe3 Nxh5 63. Kxd2 Nf6 64. g7 Ka6 65. Ke3 Kb7 66. Kd4 1-0

[Event "DSOL 06 Liga Final 1st"]
[Site "Playchess.com INT"]
[Date "2020.08.25"]
[Round "1.3"]
[White "Guenther, Michael"]
[Black "Beyer, Clemens"]
[Result "0-1"]
[WhiteElo "1484"]
[BlackElo "1614"]
[PlyCount "38"]
[EventDate "2020.06.22"]
[EventType "team-k.o. (rapid)"]
[EventCountry "GER"]
[SourceTitle "EXT 2021"]
[Source "ChessBase"]
[SourceDate "2020.10.23"]
[SourceVersion "1"]
[SourceVersionDate "2020.10.23"]
[SourceQuality "1"]
[WhiteTeam "Bad Salzuflen"]
[BlackTeam "Barnim"]
[WhiteTeamCountry "GER"]
[BlackTeamCountry "GER"]

1. d4 d5 2. Nf3 e6 3. g3 f5 4. Bg2 Nf6 5. Nbd2 Bd6 6. b3 0-0 7. c4 c6 8. 0-0 Nbd7 9. a4 Ne4 10. Qc2 Qe7 11. Bb2 e5 12. Rfe1 exd4 13. Nxd4 Ndf6 14. N4f3 f4 15. cxd5 cxd5 16. Nd4 Nxf2 17. Nb5 fxg3 18. Nxd6 gxh2+ 19. Kxh2 N6g4+ 0-1

[Event "DSOL 06 Liga Gr-D 1st"]
[Site "Playchess.com INT"]
[Date "2020.08.14"]
[Round "2.3"]
[White "Schwietzer, Marcel"]
[Black "Beyer, Clemens"]
[Result "1-0"]
[WhiteElo "1398"]
[BlackElo "1614"]
[PlyCount "73"]
[EventDate "2020.06.22"]
[EventType "team-tourn (rapid)"]
[EventCountry "GER"]
[SourceTitle "EXT 2021"]
[Source "ChessBase"]
[SourceDate "2020.10.23"]
[SourceVersion "1"]
[SourceVersionDate "2020.10.23"]
[SourceQuality "1"]
[WhiteTeam "Kreuzberg II"]
[BlackTeam "Barnim"]
[WhiteTeamCountry "GER"]
[BlackTeamCountry "GER"]

1. e4 c6 2. Nf3 d5 3. exd5 cxd5 4. Nc3 Nf6 5. d4 Bf5 6. Bb5+ Nc6 7. 0-0 a6 8. Bxc6+ bxc6 9. Ne5 Qc8 10. a4 a5 11. Ne2 e6 12. Ng3 Bg6 13. Nxg6 hxg6 14. Bf4 Qd8 15. Be5 Bd6 16. f4 c5 17. c3 Rh7 18. h3 Be7 19. b3 Nd7 20. Qc2 Bh4 21. Ne2 Nxe5 22. fxe5 Qg5 23. Rf3 Qh6 24. Raf1 Ra7 25. dxc5 Be7 26. b4 g5 27. Nd4 axb4 28. cxb4 Qh4 29. Nc6 Rc7 30. b5 g4 31. Rxf7 gxh3 32. Qg6 Bxc5+ 33. R1f2 Bxf2+ 34. Rxf2+ Kd7 35. Rf7+ Kc8 36. Rf8+ Kb7 37. Rb8# 1-0

[Event "DSOL 06 Liga Gr-D 1st"]
[Site "Playchess.com INT"]
[Date "2020.08.07"]
[Round "7.3"]
[White "Beyer, Clemens"]
[Black "Boelke, Mark"]
[Result "1-0"]
[WhiteElo "1614"]
[BlackElo "1653"]
[PlyCount "85"]
[EventDate "2020.06.22"]
[EventType "team-tourn (rapid)"]
[EventCountry "GER"]
[SourceTitle "EXT 2021"]
[Source "ChessBase"]
[SourceDate "2020.10.23"]
[SourceVersion "1"]
[SourceVersionDate "2020.10.23"]
[SourceQuality "1"]
[WhiteTeam "Barnim"]
[BlackTeam "Hamburger SK VI"]
[WhiteTeamCountry "GER"]
[BlackTeamCountry "GER"]

1. d4 d5 2. Bf4 Nf6 3. Nf3 e6 4. e3 c5 5. c3 Nc6 6. Bd3 Bd6 7. Ne5 0-0 8. Nd2 Qc7 9. Ndf3 b6 10. 0-0 Bb7 11. h3 Ne7 12. g4 Ne4 13. g5 f6 14. gxf6 gxf6 15. Kh2 Nf5 16. Rg1+ Kh8 17. Nh4 fxe5 18. Qh5 Nxh4 19. dxe5 Be7 20. Bh6 Rg8 21. Qf7 Ng6 22. f4 Raf8 23. Bxf8 Rxf8 24. Qxe6 Qc8 25. Rxg6 Qxe6 26. Rxe6 Bh4 27. Bxe4 dxe4 28. Rb1 Bd5 29. Rd6 Bxa2 30. Ra1 Bc4 31. Rxa7 Bf1 32. Rh6 Rd8 33. Rhxh7+ Kg8 34. Rxh4 Rd2+ 35. Kg1 Be2 36. e6 Bf3 37. Rg4+ Bxg4 38. hxg4 Rd3 39. Kf2 Kf8 40. f5 Rd2+ 41. Kg3 Rd3 42. Kf4 Rd1 43. Kxe4 1-0

[Event "DSOL 06 Liga Gr-D 1st"]
[Site "Playchess.com INT"]
[Date "2020.07.17"]
[Round "4.3"]
[White "Lehmeier, Jonathan"]
[Black "Beyer, Clemens"]
[Result "1/2-1/2"]
[WhiteElo "1229"]
[BlackElo "1614"]
[PlyCount "56"]
[EventDate "2020.06.22"]
[EventType "team-tourn (rapid)"]
[EventCountry "GER"]
[SourceTitle "EXT 2021"]
[Source "ChessBase"]
[SourceDate "2020.10.23"]
[SourceVersion "1"]
[SourceVersionDate "2020.10.23"]
[SourceQuality "1"]
[WhiteTeam "Abensberg"]
[BlackTeam "Barnim"]
[WhiteTeamCountry "GER"]
[BlackTeamCountry "GER"]

1. e4 c6 2. d4 d5 3. Nc3 dxe4 4. Nxe4 Bf5 5. f3 Nf6 6. Nxf6+ gxf6 7. Bd3 Bg6 8. Ne2 e6 9. Be3 Nd7 10. c3 Be7 11. Nf4 Qc7 12. Qd2 0-0-0 13. Nxg6 hxg6 14. g3 e5 15. 0-0-0 Nb6 16. f4 exd4 17. cxd4 Nd5 18. h4 Rhe8 19. Bf2 Bb4 20. Qc2 Ne3 21. Bxe3 Rxe3 22. Qf2 Rde8 23. a3 Bd6 24. Rhe1 Qe7 25. Kd2 Rxe1 26. Rxe1 Qxe1+ 27. Qxe1 Rxe1 28. Kxe1 Kd8 1/2-1/2

[Event "Pardubice Czech op-D 29th"]
[Site "Pardubice"]
[Date "2018.07.22"]
[Round "2"]
[White "Beyer, Clemens"]
[Black "Kotlant, Tomas"]
[Result "0-1"]
[WhiteElo "1398"]
[BlackElo "1664"]
[PlyCount "70"]
[EventDate "2018.07.21"]
[EventType "swiss"]
[EventRounds "9"]
[EventCountry "CZE"]
[SourceTitle "CBM 186 Extra"]
[Source "ChessBase"]
[SourceDate "2018.08.24"]
[SourceVersion "1"]
[SourceVersionDate "2018.08.24"]
[SourceQuality "1"]

1. d4 d5 2. Nf3 Nf6 3. e3 e6 4. Bd3 c5 5. c3 Nc6 6. Nbd2 a6 7. 0-0 b5 8. Re1 Qb6 9. Ne5 Bd6 10. f4 Bb7 11. Ndf3 h6 12. Rf1 Qc7 13. Bd2 c4 14. Bc2 0-0-0 15. a4 Rdf8 16. axb5 axb5 17. Ra2 Nd7 18. Qa1 Ndxe5 19. Nxe5 g5 20. b3 Rhg8 21. bxc4 dxc4 22. Be4 gxf4 23. Bxc6 Bxc6 24. Nxc6 Qxc6 25. Ra8+ Kd7 26. Ra7+ Bc7 27. e4 Qxe4 28. Rf2 f6 29. g3 h5 30. Bxf4 Qxf4 31. Qa5 Rb8 32. Rc2 h4 33. Kg2 hxg3 34. hxg3 Qxg3+ 35. Kh1 Qg1# 0-1